Sports Quiz

Random Sports or MLB Quiz

MLB 2015 World Series: Kansas City vs. New York Quiz Stats

Quiz Updated Oct 30, 2015

Score 0/30 Timer 05:00
3 Plays Today
Team Answers % Correct
Kansas CityRoyals
94.4%
New YorkMets
92.9%
New YorkCiti Field
80.5%
New YorkDaniel Murphy
73.4%
New YorkNew York Yankees
73.2%
New York2000
72.5%
Kansas City2014
72.5%
New YorkBartolo Colon & Jacob deGrom (14)
72.1%
Kansas CityKauffman Stadium
70.7%
Kansas CitySan Francisco Giants
70%
Kansas CityNed Yost
68%
Kansas CityEric Hosmer (178)
65.4%
New YorkTerry Collins
63.8%
Kansas CityGeorge Brett (1980)
62.9%
New YorkJeurys Familia (43)
62.2%
Team Answers % Correct
Kansas CityEdinson Volquez & Yordano Ventura (13)
59.8%
Kansas CityLorenzo Cain (28)
59%
Kansas CityKendrys Morales & Mike Moustakas (22)
57.2%
New YorkCurtis Granderson (150)
56.7%
New YorkCurtis Granderson (11)
56.7%
Kansas CityAlcides Escobar
54.7%
New YorkLucas Duda (27)
54.3%
Kansas CityZack Greinke (2009)
42.4%
Kansas CityGreg Holland (32)
41.8%
Kansas CityBret Saberhagen
36%
New YorkSandy Alderson
35.1%
New YorkR.A. Dickey (2012)
33.6%
New YorkRay Knight
24.4%
Kansas CityDayton Moore
22.1%
New YorkNone
19.3%

You're not logged in!

Compare scores with friends on all Sporcle quizzes.
Sign Up with Email
OR
Log In

Show Comments

Extras

Top Quizzes Today


Score Distribution

Your Account Isn't Verified!

In order to create a playlist on Sporcle, you need to verify the email address you used during registration. Go to your Sporcle Settings to finish the process.